Nomi italiani di città straniere - Germania - Statistics

Statistiche generali
  • Questo quiz è stato fatto 163 volte
  • Il punteggio medio è 20 su 31
Statistiche sulle risposte
Nome locale Nome italiano % Corretto
Berlin Berlino
99%
Frankfurt am Mein Francoforte sul Meno
97%
Hamburg Amburgo
96%
Bremen Brema
93%
Dresden Dresda
91%
Frankfurt Oder Francoforte sull'Oder
91%
Konstanz Costanza
87%
Koln Colonia
86%
Munchen Monaco di Baviera
86%
Freiburg im Breisgau Friburgo in Brisgovia
85%
Nurnberg Norimberga
85%
Stuttgart Stoccarda
84%
Leipzig Lipsia
81%
Magdeburg Magdeburgo
76%
Lubeck Lubecca
75%
Marburg Marburgo
70%
Luneburg Luneburgo
57%
Mainz Magonza
57%
Augsburg Augusta
55%
Koblenz Coblenza
55%
Ulm Ulma
55%
Gottingen Gottinga
54%
Bamberg Bamberga
51%
Aachen Aquisgrana
48%
Tubingen Tubinga
47%
Flensburg Flensburgo
45%
Trier Treviri
30%
Regensburg Ratisbona
23%
Passau Passavia
21%
Schmalkalden Smalcalda
20%
Speyer Spira
19%
Nessun quiz corrispondente trovato
Distribuzione punteggi
Percentuale di utenti per punteggio
Percentile per numero di risposta
I tuoi punteggi nel tempo
Non hai fatto questo quiz